| 000 | 01417nam0a2200325 i 4500 | ||
|---|---|---|---|
| 001 | RU\NLR\bibl\1941105 | ||
| 005 | 20260408080617.0 | ||
| 010 |
_a9785913664747 _950 |
||
| 021 |
_aRU _b2012-58050 _94246 |
||
| 035 | _a(NLR Aleph) 001930378 | ||
| 090 |
_a3427537 _c3427537 |
||
| 100 | _a20120904d2012 u y0rusy50 ca | ||
| 101 | 0 | _arus | |
| 102 | _aRU | ||
| 105 | _aa ||||||||| | ||
| 200 | 1 |
_aХозяйка большого дома _eсборник статей и интервью _e[о Кларе Давыдовне Шкляр, управляющей гостиницы "Лада" _fLada Hotel _gсост.: Шкляр С.Э.] |
|
| 210 |
_aМосква _cУ Никитских ворот _d2012 |
||
| 215 |
_a126, [1] с., [6] л. цв. ил., портр. _d21 |
||
| 320 | _aБиблиогр. в тексте | ||
| 601 | 0 | 2 |
_a"Лада", отель _cМуром, город; Владимирская область _jСборники _92134059 _3RU\NLR\auth\661591308 |
| 686 | _aУ44(2)135.7я43 | ||
| 702 | 1 |
_aШкляр _bС. Э. _gСергей Э. _4220 |
|
| 702 | 1 |
_aШкляр _bК. Д. _gКлара Давыдовна _4570 |
|
| 712 | 0 | 2 |
_4570 _a"Лада", отель _cМуром _3RU\NLR\AUTH\8810220565 _9326269 |
| 801 | 0 |
_aRU _bNLR _c20120904 _gRCR |
|
| 801 | 1 |
_aRU _bNLR _c20120904 |
|
| 830 | _aпо кн | ||
| 942 | _cBOOK | ||
| 980 | _aNBR | ||